<?xml version="1.0" encoding="UTF-8"?>
<record
    xmlns:xsi="http://www.w3.org/2001/XMLSchema-instance"
    xsi:schemaLocation="http://www.loc.gov/MARC21/slim http://www.loc.gov/standards/marcxml/schema/MARC21slim.xsd"
    xmlns="http://www.loc.gov/MARC21/slim">

  <leader>01987nam a2200421 a 4500</leader>
  <controlfield tag="005">20240503095908.0</controlfield>
  <controlfield tag="008">141204s1999||||sp a   f |||| 000 0 spa d</controlfield>
  <datafield tag="020" ind1=" " ind2=" ">
    <subfield code="a">9879758307</subfield>
  </datafield>
  <datafield tag="041" ind1=" " ind2=" ">
    <subfield code="a">spa</subfield>
  </datafield>
  <datafield tag="092" ind1=" " ind2=" ">
    <subfield code="c">616.203</subfield>
    <subfield code="l">85</subfield>
    <subfield code="s">TYR</subfield>
  </datafield>
  <datafield tag="100" ind1="1" ind2=" ">
    <subfield code="a">Tyrrel, D. A. J.</subfield>
    <subfield code="e">Editor</subfield>
    <subfield code="9">3693</subfield>
  </datafield>
  <datafield tag="245" ind1=" " ind2="3">
    <subfield code="a">La gripe y el resfrio, cl&#xED;nica y tratamiento.</subfield>
    <subfield code="b">Manual de pr&#xE1;ctica profesional /</subfield>
    <subfield code="c">D. A. J. Tyrrel</subfield>
  </datafield>
  <datafield tag="250" ind1=" " ind2=" ">
    <subfield code="a">1a ed. </subfield>
  </datafield>
  <datafield tag="260" ind1=" " ind2=" ">
    <subfield code="a">Buenos Aires: </subfield>
    <subfield code="b">[S/E];</subfield>
    <subfield code="c">1999.</subfield>
  </datafield>
  <datafield tag="300" ind1=" " ind2=" ">
    <subfield code="a">245 p.</subfield>
  </datafield>
  <datafield tag="500" ind1=" " ind2=" ">
    <subfield code="a">Tyrrel, D. A. J. (1999). La gripe y el resfr&#xED;o. Cl&#xED;nica y tratamiento. (1a ed.). Buenos Aires : S/E.</subfield>
  </datafield>
  <datafield tag="653" ind1=" " ind2=" ">
    <subfield code="a">Anatom&#xED;a y fisiolog&#xED;a de las v&#xED;as respiratorias altas</subfield>
  </datafield>
  <datafield tag="653" ind1=" " ind2=" ">
    <subfield code="a">Virus- Panorama general</subfield>
  </datafield>
  <datafield tag="653" ind1=" " ind2=" ">
    <subfield code="a">Mecanismos de transmisi&#xF3;n del resfrio com&#xFA;n</subfield>
  </datafield>
  <datafield tag="653" ind1=" " ind2=" ">
    <subfield code="a">Estudios psicol&#xF3;gicos acerca del resfr&#xED;o com&#xFA;n</subfield>
  </datafield>
  <datafield tag="653" ind1=" " ind2=" ">
    <subfield code="a">Mecanismos inmunol&#xF3;gicos</subfield>
  </datafield>
  <datafield tag="653" ind1=" " ind2=" ">
    <subfield code="a">Morfolog&#xED;a del resfr&#xED;o com&#xFA;n</subfield>
  </datafield>
  <datafield tag="653" ind1=" " ind2=" ">
    <subfield code="a">Congesti&#xF3;n nasal y s&#xED;ntomas de los oidos y senos paranasales</subfield>
  </datafield>
  <datafield tag="653" ind1=" " ind2=" ">
    <subfield code="a">Secreci&#xF3;n nasal</subfield>
  </datafield>
  <datafield tag="653" ind1=" " ind2=" ">
    <subfield code="a">Dolor de garganta, dolor de cabeza y fiebre</subfield>
  </datafield>
  <datafield tag="653" ind1=" " ind2=" ">
    <subfield code="a">Fisiopatolog&#xED;a de la tos</subfield>
  </datafield>
  <datafield tag="653" ind1=" " ind2=" ">
    <subfield code="a">Nasofaringitis aguda (resfr&#xED;o com&#xFA;n) en la poblaci&#xF3;n pedi&#xE1;trica</subfield>
  </datafield>
  <datafield tag="653" ind1=" " ind2=" ">
    <subfield code="a">S&#xED;ndromes de las v&#xED;as respiratorias bajas y resfr&#xED;o com&#xFA;n en la poblaci&#xF3;n pedi&#xE1;trica</subfield>
  </datafield>
  <datafield tag="653" ind1=" " ind2=" ">
    <subfield code="a">Naturopat&#xED;a y terapia m&#xE9;dica no convencional en el tratamiento del resfr&#xED;o com&#xFA;n</subfield>
  </datafield>
  <datafield tag="653" ind1=" " ind2=" ">
    <subfield code="a">Tratamiento farmacol&#xF3;gico: aceites esenciales en el tratamiento del resfr&#xED;o com&#xFA;n</subfield>
  </datafield>
  <datafield tag="653" ind1=" " ind2=" ">
    <subfield code="a">S&#xED;ntomas nasales: medicamentos descongestivps</subfield>
  </datafield>
  <datafield tag="653" ind1=" " ind2=" ">
    <subfield code="a">Tos: medicamentos antitus&#xED;genos. Medicamentos mucol&#xED;ticos</subfield>
  </datafield>
  <datafield tag="653" ind1=" " ind2=" ">
    <subfield code="a">Dolor de cabeza y fiebre: uso de los medicamentos analg&#xE9;sicos antipir&#xE9;ticos en las infecciones del tracto respiratorio alto</subfield>
  </datafield>
  <datafield tag="653" ind1=" " ind2=" ">
    <subfield code="a">Uso de antibi&#xF3;ticos en el resfr&#xED;o com&#xFA;n</subfield>
  </datafield>
  <datafield tag="653" ind1=" " ind2=" ">
    <subfield code="a">Tratamiento del resfrio com&#xFA;n</subfield>
  </datafield>
  <datafield tag="653" ind1=" " ind2=" ">
    <subfield code="a">Vacunaci&#xF3;n y nuevos enfoques</subfield>
  </datafield>
  <datafield tag="942" ind1=" " ind2=" ">
    <subfield code="2">ddc</subfield>
    <subfield code="c">BK</subfield>
    <subfield code="0">1</subfield>
  </datafield>
  <datafield tag="999" ind1=" " ind2=" ">
    <subfield code="c">2128</subfield>
    <subfield code="d">2128</subfield>
  </datafield>
  <datafield tag="952" ind1=" " ind2=" ">
    <subfield code="0">0</subfield>
    <subfield code="1">0</subfield>
    <subfield code="2">ddc</subfield>
    <subfield code="4">0</subfield>
    <subfield code="7">0</subfield>
    <subfield code="a">BFM</subfield>
    <subfield code="b">BFM</subfield>
    <subfield code="c">CR</subfield>
    <subfield code="d">2014-12-04</subfield>
    <subfield code="e">Donaci&#xF3;n Diciembre 2014</subfield>
    <subfield code="l">0</subfield>
    <subfield code="o">616.203 85 TYR</subfield>
    <subfield code="p">3425</subfield>
    <subfield code="r">2014-12-04</subfield>
    <subfield code="t">Ej.1</subfield>
    <subfield code="w">2014-12-04</subfield>
    <subfield code="y">BK</subfield>
    <subfield code="z">Donaci&#xF3;n Diciembre 2014</subfield>
  </datafield>
</record>
